000 00580nam a2200217Ia 4500
003 OSt
005 20220925202437.0
006 a|||||r|||| 00| 0
007 ta
008 220923b |||||||| |||| 00| 0 eng d
037 _cGeneral Book
040 _aRTL
_cRTL
_beng
041 _2eng
_aeng
082 _aY:3(T).2.N7, L3
100 _aNarayan Shriman
_942929
245 0 _aEducation of the future
260 _aDelhi
_bS Chand India
_c1973
300 _a142p
_ccm.
942 _hY:3(T).2.N7, L3
_cGB
_2CC
999 _c543179
_d543179